Elements of heat transfer and insulation (Record no. 869)

000 -LEADER
fixed length control field 00453nam a22001697a 4500
008 - FIXED-LENGTH DATA ELEMENTS--GENERAL INFORMATION
fixed length control field 191227b ||||| |||| 00| 0 eng d
082 00 - DEWEY DECIMAL CLASSIFICATION NUMBER
Classification number 536.2
Item number J258
100 ## - MAIN ENTRY--PERSONAL NAME
9 (RLIN) 419
Personal name Jakob, Max.
245 10 - TITLE STATEMENT
Title Elements of heat transfer and insulation
250 ## - EDITION STATEMENT
Edition statement 2nd ed.
260 ## - PUBLICATION, DISTRIBUTION, ETC. (IMPRINT)
Place of publication, distribution, etc NewYork
Name of publisher, distributor, etc John wiley & sons
Date of publication, distribution, etc 1950
300 ## - PHYSICAL DESCRIPTION
Extent xvi, 230 p.
365 ## - TRADE PRICE
Price amount 16
Unit of pricing 16.00
650 #0 - SUBJECT ADDED ENTRY--TOPICAL TERM
Topical term or geographic name as entry element Heat Transmission
700 ## - ADDED ENTRY--PERSONAL NAME
9 (RLIN) 421
Personal name Hawkins, G. A.
942 ## - ADDED ENTRY ELEMENTS (KOHA)
Item type Books
Holdings
Withdrawn status Lost status Source of classification or shelving scheme Damaged status Not for loan Permanent location Current location Date acquired Source of acquisition Full call number Barcode Date last seen Koha item type
          IMU Kolkata IMU Kolkata 1952-10-10 Asian publishing house 536.2 J258 00422 2019-12-27 Books
  Lost       IMU Kolkata IMU Kolkata 1952-10-10 Asian publishing house 536.2 J258 00423 2020-07-14 Books
Designed and Maintained by IMU-KC Library, Kolkata Campus © Copyright All Rights Reserved

webs counters

Powered by Koha